| 000 | 00357nam a2200145Ia 4500 | ||
|---|---|---|---|
| 008 | 260330s9999 xx 000 0 und d | ||
| 020 | _a9.7893732633e+012 | ||
| 082 |
_a363.34 _bSHA/D |
||
| 100 | _aSharma, Vinod K. | ||
| 245 | 0 | _aDisaster Management | |
| 250 | _a2nd | ||
| 260 |
_aNew Delhi _bMedtech Science Press _c2026 |
||
| 300 | _a373p. | ||
| 942 | _cBK | ||
| 999 |
_c53009 _d53009 |
||